| 000 | 00805 a2200289 4500 | ||
|---|---|---|---|
| 999 |
_c200129167 _d31859 |
||
| 001 | 200129167 | ||
| 003 | TR-AnTOB | ||
| 005 | 20200417132813.0 | ||
| 008 | 130507s2005 tu 000 0 | ||
| 020 | _a9758716623 | ||
| 040 |
_aTR-AnTOB _cTR-AnTOB |
||
| 041 | _atur | ||
| 050 |
_aD21 _b.G87 2005 |
||
| 090 | _aD21 .G87 2005 | ||
| 100 | 0 |
_aGürsan, Turgut _910763 |
|
| 245 | 1 | 0 |
_a20. Yüzyil dünya tarihinin perde arkasi / _cTurgut Gürsan. |
| 264 | 1 |
_aİstanbul : _bBilge Karinca, _c2005. |
|
| 300 |
_a248 p.: _c13 cm |
||
| 336 |
_2rdacontent _atext _btxt |
||
| 337 |
_2rdamedia _aunmediated _bn |
||
| 338 |
_2rdacarrier _avolume _bnc |
||
| 490 | 0 |
_a Bilge Karınca Genel Yayın No ; _v115 |
|
| 650 | 0 |
_aDünya tarihi _96469 |
|
| 650 | 0 |
_aWorld history _92775 |
|
| 942 |
_cBK _2lcc |
||